| 000 | 00570nam a2200181Ia 4500 | ||
|---|---|---|---|
| 999 |
_c7341 _d7341 |
||
| 003 | GBCCL | ||
| 005 | 20241126110625.0 | ||
| 008 | 180730b ||||| |||| 00| 0 eng d | ||
| 020 | _a0830727787 | ||
| 020 | _a9780830727780 | ||
| 040 | _cGBC | ||
| 082 |
_a248.32 _bTEA |
||
| 245 |
_aTeach us to p.r.a.y. : _bstudies fchildren, youth and adults that will get your whole church praying/ _cintroduction by Shirley Dobson. |
||
| 260 |
_aVentura, CA : _b Gospel Light, _c©2001. |
||
| 300 |
_a218 pages : illustrations ; _c28 cm |
||
| 650 |
_aPrayer. _9332 |
||
| 942 |
_2ddc _cBK |
||